| 000 | 01626nam a2200253 a 4500 | ||
|---|---|---|---|
| 001 | 000055501 | ||
| 003 | AM-YEHGA | ||
| 005 | 20250617121427.0 | ||
| 008 | 991207s1971 ru ||||||s u rus d | ||
| 040 | _aAM-YeHGA | ||
| 041 | 0 | _arus | |
| 245 | 0 | 0 |
_aАвтоматическое управление машинами и механизмами : _bТруды III Международного конгресса Международной федерации по автоматическому управлению (IFAC). Лондон, 20-25 июня 1966 г. / _cГл. ред. В.А. Трапезников ; Отв. ред. А.Я. Лернер., АН СССР, Междун. федерация по автомат. управлению, Нац. ком. СССР по автомат. управлению. |
| 260 |
_aМосква : _bНаука, _c1971. |
||
| 300 | _a328 с. | ||
| 650 | 1 | 4 | _aАвтоматика |
| 653 | 0 | _aУправление системой подземной железной дороги | |
| 653 | 0 | _aВычислительные машины | |
| 700 | 1 |
_aТрапезников, В.А. _eред. _4edt |
|
| 710 | 2 | _aМеждународная федерация по автоматическому управлению | |
| 710 | 2 | _aНациональный комитет СССР по автоматическому управлению | |
| 711 | 2 |
_aМеждународный конгресс Международной федерации по автоматическому управлению _n(3 : _d20-25 июня 1966г. ; _cЛондон) |
|
| 942 |
_2udc _cBK |
||
| 090 | _c15829 | ||
| 999 |
_c15716 _d15716 |
||